[Event "Paleochora op 8th"]
[Site "Paleochora"]
[Date "2015.07.24"]
[Round "9"]
[White "Fragakis, Efstratios"]
[Black "Papadopoulos, Georgios Vas"]
[Result "0-1"]
[WhiteElo "2111"]
[BlackElo "2267"]
[PlyCount "86"]
[EventDate "2015.07.17"]
[EventType "swiss"]
[EventRounds "9"]
[EventCountry "GRE"]
[SourceTitle "CBM 167 Extra"]
[Source "ChessBase"]
[SourceDate "2015.09.14"]
[SourceVersion "1"]
[SourceVersionDate "2015.09.14"]
[SourceQuality "1"]

1. e4 c5 2. Nf3 d6 3. d4 cxd4 4. Nxd4 Nf6 5. Nc3 a6 6. h3 Qb6 7. Nb3 e6 8. g4 Nc6 9. Be3 Qc7 10. f4 b5 11. Bg2 Bb7 12. a3 Rc8 13. 0-0 Nd7 14. f5 Nce5 15. fxe6 fxe6 16. Nd4 Nc5 17. b4 Ncd7 18. Nce2 Nf6 19. Nxe6 Qxc2 20. Nxf8 Qxd1 21. Rfxd1 Rxf8 22. Ng3 Rc2 23. Nf5 Rxg2+ 24. Kxg2 Bxe4+ 25. Kh2 Bxf5 26. gxf5 Ne4 27. Rf1 Kd7 28. Bd4 Nd2 29. Rf4 Nef3+ 30. Kg3 Nxd4 31. Rxd4 Nb3 32. Rg4 Nxa1 33. Rxg7+ Kc6 34. Kf4 h5 35. Ra7 Nc2 36. Kg5 Ne3 37. f6 Nd5 38. Rxa6+ Kd7 39. Ra5 Nxf6 40. Rxb5 Ke6 41. Rb6 Ra8 42. Rc6 Rxa3 43. b5 Ra5 0-1

[Event "Paleochora op 8th"]
[Site "Paleochora"]
[Date "2015.07.19"]
[Round "4"]
[White "Maki Uuro, Miika"]
[Black "Fragakis, Efstratios"]
[Result "1-0"]
[WhiteElo "2329"]
[BlackElo "2111"]
[PlyCount "49"]
[EventDate "2015.07.17"]
[EventType "swiss"]
[EventRounds "9"]
[EventCountry "GRE"]
[SourceTitle "CBM 167 Extra"]
[Source "ChessBase"]
[SourceDate "2015.09.14"]
[SourceVersion "1"]
[SourceVersionDate "2015.09.14"]
[SourceQuality "1"]

1. c4 Nf6 2. g3 c6 3. Bg2 d5 4. Nf3 Bg4 5. Ne5 Bf5 6. cxd5 cxd5 7. Qa4+ Nbd7 8. Nc3 e6 9. g4 Bg6 10. h4 b5 11. Nxb5 Nxe5 12. Nc7+ Ke7 13. Nxa8 Qxa8 14. h5 Be4 15. f3 Nexg4 16. fxe4 Nxe4 17. d3 Qb8 18. Rh3 Nef6 19. Bd2 e5 20. Rc1 Ke6 21. Bxd5+ Nxd5 22. Qxg4+ f5 23. Qc4 f4 24. Qc8+ Qxc8 25. Rxc8 1-0

[Event "Crete Poa op"]
[Site "Crete"]
[Date "2012.04.28"]
[Round "4"]
[White "Fragakis, Efstratios"]
[Black "Tzardis, Stylianos"]
[Result "1-0"]
[WhiteElo "2111"]
[BlackElo "1970"]
[PlyCount "83"]
[EventDate "2012.04.26"]
[EventType "swiss"]
[EventRounds "7"]
[EventCountry "GRE"]
[SourceTitle "EXT 2024"]
[Source "ChessBase"]
[SourceDate "2023.10.10"]
[SourceVersion "1"]
[SourceVersionDate "2023.10.10"]
[SourceQuality "1"]

1. e4 c6 2. d4 d5 3. Nc3 dxe4 4. Nxe4 Nf6 5. Nxf6+ exf6 6. Nf3 Bd6 7. Bd3 0-0 8. 0-0 Re8 9. Be3 Nd7 10. Nd2 Nf8 11. Ne4 Bc7 12. c4 Bf5 13. Qf3 Bg6 14. Rad1 Qe7 15. Ng3 Qb4 16. Bxg6 hxg6 17. b3 Qe7 18. Rfe1 Bxg3 19. Qxg3 a6 20. Qf3 Qe4 21. Qxe4 Rxe4 22. d5 cxd5 23. cxd5 Re7 24. Bb6 Rae8 25. Rxe7 Rxe7 26. Kf1 Nd7 27. Be3 f5 28. Bd4 Nf6 29. d6 Rd7 30. Bxf6 gxf6 31. h4 Kf8 32. Ke2 Ke8 33. Kf3 Kf8 34. a4 Kg7 35. a5 g5 36. g3 Kg6 37. Rd5 Kh5 38. Ke3 gxh4 39. gxh4 Kg4 40. Rd4+ Kh5 41. Kf4 Kg6 42. b4 1-0

[Event "Crete Poa op"]
[Site "Crete"]
[Date "2012.04.28"]
[Round "5"]
[White "Petrov, Marian"]
[Black "Fragakis, Efstratios"]
[Result "1-0"]
[WhiteElo "2527"]
[BlackElo "2111"]
[PlyCount "65"]
[EventDate "2012.04.26"]
[EventType "swiss"]
[EventRounds "7"]
[EventCountry "GRE"]
[SourceTitle "EXT 2024"]
[Source "ChessBase"]
[SourceDate "2023.10.10"]
[SourceVersion "1"]
[SourceVersionDate "2023.10.10"]
[SourceQuality "1"]

1. e4 c5 2. Nf3 d6 3. d4 cxd4 4. Nxd4 Nf6 5. Nc3 g6 6. f4 Bg7 7. Be2 0-0 8. Be3 Nc6 9. 0-0 Qb6 10. Qd3 Ng4 11. Nd5 Bxd4 12. Nxb6 Bxe3+ 13. Kh1 Bxb6 14. Bxg4 Bxg4 15. f5 Nd4 16. Rae1 Be2 17. Rxe2 Nxe2 18. Qxe2 Bd4 19. Qb5 b6 20. c3 Be5 21. a4 g5 22. Qd7 Bf6 23. Ra1 a5 24. Ra3 Rac8 25. Qb5 Bd4 26. Ra1 Be3 27. Qe2 Bf4 28. g3 Be5 29. Qe3 f6 30. Qxb6 Rb8 31. Qf2 Rfc8 32. Qe2 Rb6 33. Rd1 1-0

[Event "EU-ch 9th"]
[Site "Plovdiv"]
[Date "2008.04.30"]
[Round "9"]
[White "Ivanov, Ljubomir"]
[Black "Fragakis, Efstratios"]
[Result "0-1"]
[WhiteElo "2020"]
[BlackElo "2133"]
[PlyCount "62"]
[EventDate "2008.04.21"]
[EventType "swiss"]
[EventRounds "11"]
[EventCountry "BUL"]
[SourceTitle "CBM 124"]
[Source "ChessBase"]
[SourceDate "2008.05.28"]
[SourceVersion "1"]
[SourceVersionDate "2008.05.28"]
[SourceQuality "1"]

1. d4 d5 2. c4 c6 3. Nf3 Nf6 4. g3 dxc4 5. Qc2 b5 6. a4 Bb7 7. Bg2 e6 8. 0-0 Nbd7 9. b3 cxb3 10. Qxb3 a6 11. Rd1 Qb6 12. Nbd2 c5 13. Rb1 Bd5 14. Qb2 Rb8 15. e4 Nxe4 16. Nxe4 Bxe4 17. Ne5 Nxe5 18. Bxe4 Nc4 19. Qe2 cxd4 20. Bg5 Be7 21. Rdc1 Bxg5 22. Rxc4 0-0 23. Qh5 f5 24. Qxg5 fxe4 25. a5 Qd6 26. Rc5 Rbc8 27. Rbc1 Rxc5 28. Qxc5 Qxc5 29. Rxc5 d3 30. Kf1 e3 31. f4 Rd8 0-1

[Event "EU-ch 9th"]
[Site "Plovdiv"]
[Date "2008.04.22"]
[Round "2"]
[White "Fragakis, Efstratios"]
[Black "Grunberg, Mihai Lucian"]
[Result "0-1"]
[WhiteElo "2133"]
[BlackElo "2422"]
[PlyCount "68"]
[EventDate "2008.04.21"]
[EventType "swiss"]
[EventRounds "11"]
[EventCountry "BUL"]
[SourceTitle "CBM 124"]
[Source "ChessBase"]
[SourceDate "2008.05.28"]
[SourceVersion "1"]
[SourceVersionDate "2008.05.28"]
[SourceQuality "1"]

1. e4 g6 2. d4 Bg7 3. Nc3 d6 4. Be3 a6 5. Qd2 Nd7 6. 0-0-0 b5 7. a3 Bb7 8. f3 Rc8 9. g4 c5 10. Kb1 h5 11. g5 e6 12. d5 e5 13. Bh3 Rb8 14. Na2 a5 15. Bf1 Ba6 16. a4 Qb6 17. Nc3 bxa4 18. Nxa4 Qb7 19. Bxa6 Qxa6 20. Qd3 Qb7 21. Bd2 Ne7 22. Ne2 0-0 23. c4 Nc8 24. Kc2 f5 25. gxf6 Bxf6 26. Ra1 Ra8 27. Nec3 Ncb6 28. Ra3 Nxa4 29. Nxa4 Nb8 30. Rb3 Qg7 31. Rb5 Na6 32. Kb1 Nb4 33. Bxb4 axb4 34. b3 Bd8 0-1

[Event "GRE-ch U20"]
[Site "Kalamata"]
[Date "2008.01.07"]
[Round "6"]
[White "Fragakis, Efstratios"]
[Black "Sandalakis, Angelos"]
[Result "0-1"]
[WhiteElo "2045"]
[BlackElo "2305"]
[PlyCount "96"]
[EventDate "2008.01.02"]
[EventType "swiss"]
[EventRounds "7"]
[EventCountry "GRE"]
[SourceTitle "EXT 2010"]
[Source "ChessBase"]
[SourceDate "2010.11.25"]
[SourceVersion "1"]
[SourceVersionDate "2010.11.25"]
[SourceQuality "1"]

1. e4 c5 2. Nf3 e6 3. d4 cxd4 4. Nxd4 a6 5. Bd3 Qc7 6. 0-0 Nf6 7. Nc3 Nc6 8. Nxc6 bxc6 9. f4 d5 10. Qf3 d4 11. Ne2 c5 12. b3 Bb7 13. g4 Qc6 14. Ng3 h5 15. gxh5 Be7 16. Bd2 0-0-0 17. Rae1 Rdg8 18. f5 Bd6 19. e5 Qxf3 20. Rxf3 Bxf3 21. Bxa6+ Kd7 22. Bb5+ Bc6 23. fxe6+ fxe6 24. Bxc6+ Kxc6 25. exd6 Nxh5 26. Ne4 Ra8 27. a4 Rhf8 28. Ng5 Kxd6 29. Rxe6+ Kd5 30. b4 Rxa4 31. bxc5 Ra1+ 32. Kg2 Nf4+ 33. Bxf4 Rxf4 34. Rg6 Rc1 35. Rxg7 Rxc2+ 36. Kg3 Rf5 37. Kg4 Re5 38. Rd7+ Kc6 39. Nf7 Kxd7 40. Nxe5+ Ke6 41. Kf4 Rxc5 42. Nd3 Rh5 43. Kg3 Rh8 44. h3 Kf5 45. Nf2 Re8 46. Ng4 d3 47. Kf3 d2 48. Nf2 Re1 0-1

[Event "GRE-chT 35th"]
[Site "Ermioni Argolidas"]
[Date "2006.07.07"]
[Round "5"]
[White "Fragakis, Efstratios"]
[Black "Fragiadakis, Dimitrios"]
[Result "1-0"]
[WhiteElo "2131"]
[BlackElo "1911"]
[PlyCount "41"]
[EventDate "2006.07.03"]
[EventType "team"]
[EventRounds "9"]
[EventCountry "GRE"]
[SourceTitle "CBM 113 Extra"]
[Source "ChessBase"]
[SourceDate "2006.09.14"]
[SourceVersion "1"]
[SourceVersionDate "2006.09.14"]
[SourceQuality "1"]

1. e4 d6 2. d4 Nf6 3. Nc3 g6 4. Bc4 Bg7 5. Qe2 e5 6. dxe5 dxe5 7. Nf3 Nbd7 8. Bxf7+ Kxf7 9. Ng5+ Ke8 10. Ne6 Qe7 11. Nxc7+ Kf8 12. Nxa8 Nc5 13. Bg5 Be6 14. Nb5 a6 15. Nbc7 Kf7 16. 0-0 Rc8 17. f4 Ncxe4 18. Bxf6 Nxf6 19. fxe5 Qc5+ 20. Kh1 Bc4 21. Qg4 1-0

[Event "EU-ch U16"]
[Site "Herceg Novi"]
[Date "2005.09.20"]
[Round "6"]
[White "Yaremko, Nazar"]
[Black "Fragakis, Efstratios"]
[Result "1-0"]
[WhiteElo "2254"]
[BlackElo "2100"]
[PlyCount "67"]
[EventDate "2005.09.14"]
[EventType "swiss"]
[EventRounds "9"]
[EventCountry "YUG"]
[SourceTitle "CBM 108 Extra"]
[Source "ChessBase"]
[SourceDate "2005.11.04"]
[SourceVersion "1"]
[SourceVersionDate "2005.11.04"]
[SourceQuality "1"]

1. e4 c5 2. Ne2 d6 3. g3 g6 4. Bg2 Bg7 5. 0-0 Nc6 6. c3 Nf6 7. d4 cxd4 8. cxd4 0-0 9. Nbc3 Re8 10. h3 e5 11. d5 Na5 12. Qd3 b6 13. b4 Nb7 14. Be3 a5 15. a3 Bd7 16. Nb5 Nxe4 17. Rac1 Ng5 18. Bxg5 Qxg5 19. Nc7 e4 20. Bxe4 Bxh3 21. Bg2 Bf5 22. Qb5 Rxe2 23. Qxe2 Rc8 24. Ne6 Qxc1 25. Rxc1 Rxc1+ 26. Kh2 Bf6 27. Qb5 fxe6 28. dxe6 Rc7 29. Qxb6 Re7 30. Bxb7 axb4 31. a4 Bxe6 32. Qxb4 Be5 33. a5 Kf7 34. f4 1-0

[Event "EU-ch U16"]
[Site "Herceg Novi"]
[Date "2005.09.18"]
[Round "5"]
[White "Fragakis, Efstratios"]
[Black "Borsuk, Yuriy"]
[Result "1/2-1/2"]
[WhiteElo "2100"]
[BlackElo "2220"]
[PlyCount "42"]
[EventDate "2005.09.14"]
[EventType "swiss"]
[EventRounds "9"]
[EventCountry "YUG"]
[SourceTitle "CBM 108 Extra"]
[Source "ChessBase"]
[SourceDate "2005.11.04"]
[SourceVersion "1"]
[SourceVersionDate "2005.11.04"]
[SourceQuality "1"]

1. e4 e5 2. Nf3 Nc6 3. Bb5 a6 4. Ba4 Nf6 5. 0-0 Be7 6. Re1 b5 7. Bb3 0-0 8. a4 Rb8 9. d4 Nxd4 10. Nxd4 exd4 11. e5 Ne8 12. axb5 axb5 13. c3 dxc3 14. Nxc3 d6 15. exd6 Bxd6 16. Ne4 Bb7 17. Bc2 Bxe4 18. Bxe4 Nf6 19. Bg5 h6 20. Bh4 g5 21. Bg3 Bxg3 1/2-1/2

[Event "EU-ch U16"]
[Site "Herceg Novi"]
[Date "2005.09.16"]
[Round "3"]
[White "Fragakis, Efstratios"]
[Black "Potapov, Pavel"]
[Result "1/2-1/2"]
[WhiteElo "2100"]
[BlackElo "2285"]
[PlyCount "79"]
[EventDate "2005.09.14"]
[EventType "swiss"]
[EventRounds "9"]
[EventCountry "YUG"]
[SourceTitle "CBM 108 Extra"]
[Source "ChessBase"]
[SourceDate "2005.11.04"]
[SourceVersion "1"]
[SourceVersionDate "2005.11.04"]
[SourceQuality "1"]

1. e4 c5 2. Nf3 Nc6 3. d4 cxd4 4. Nxd4 e5 5. Nb5 d6 6. Bg5 Qxg5 7. Nc7+ Kd7 8. Nxa8 b6 9. Nd2 Bb7 10. Nxb6+ axb6 11. c3 Nf6 12. Qb3 Kc7 13. Qxf7+ Be7 14. Qc4 Rf8 15. b4 Kb8 16. a4 Ng4 17. Nf3 Qf4 18. Be2 Nf6 19. Nd2 Ne8 20. Bf3 Nc7 21. Qe2 Ka7 22. 0-0 Bc8 23. Nc4 Be6 24. Na3 Kb7 25. a5 g5 26. Qd3 g4 27. Be2 d5 28. axb6 Kxb6 29. exd5 Bxd5 30. c4 Be4 31. c5+ Kb7 32. Qd1 Nd4 33. Bxg4 Nd5 34. c6+ Kc7 35. Nc4 Nc3 36. Ra7+ Kxc6 37. Bd7+ Kd5 38. Nb6+ Kd6 39. Nc4+ Kd5 40. Nb6+ 1/2-1/2

[Event "EU-ch U16"]
[Site "Herceg Novi"]
[Date "2005.09.14"]
[Round "1"]
[White "Fragakis, Efstratios"]
[Black "Nestorovic, Nikola"]
[Result "1-0"]
[WhiteElo "2100"]
[BlackElo "2152"]
[PlyCount "109"]
[EventDate "2005.09.14"]
[EventType "swiss"]
[EventRounds "9"]
[EventCountry "YUG"]
[SourceTitle "CBM 108 Extra"]
[Source "ChessBase"]
[SourceDate "2005.11.04"]
[SourceVersion "1"]
[SourceVersionDate "2005.11.04"]
[SourceQuality "1"]

1. e4 c5 2. Nf3 d6 3. d4 cxd4 4. Nxd4 Nf6 5. Nc3 Nc6 6. Bg5 e6 7. Qd2 Be7 8. 0-0-0 0-0 9. f3 Nxd4 10. Qxd4 a6 11. e5 dxe5 12. Qxe5 Bd7 13. Bd3 Rc8 14. Ne4 Nd5 15. Bxe7 Qxe7 16. Nd6 Rc5 17. Nxb7 Rc7 18. Nd6 f6 19. Qg3 Rb8 20. Rhe1 e5 21. Bc4 Be6 22. Bxd5 Qxd6 23. Bb3 Qc6 24. Bxe6+ Qxe6 25. b3 Rbc8 26. Rd2 a5 27. Qg4 f5 28. Qh4 h6 29. Rd8+ Kh7 30. Rxc8 Rxc8 31. Qf4 Rc5 32. Qe3 Qc6 33. Qd3 Qf6 34. Kb1 a4 35. b4 e4 36. fxe4 Re5 37. a3 Qh4 38. Qg3 Qe7 39. Rf1 fxe4 40. Qe3 Qe6 41. Rd1 Qc4 42. Kb2 Rd5 43. Re1 Re5 44. Qc3 Qe6 45. Re3 Rd5 46. Qc4 Qe5+ 47. c3 Rd2+ 48. Kc1 Qd6 49. Qxe4+ Kh8 50. Qf3 Qd7 51. Re8+ Qxe8 52. Kxd2 Qe6 53. Qa8+ Kh7 54. Qxa4 Qd5+ 55. Kc1 1-0

[Event "GRE-ch U18"]
[Site "Greece"]
[Date "2005.01.??"]
[Round "7"]
[White "Pashos, Alexandros"]
[Black "Fragakis, Efstratios"]
[Result "0-1"]
[WhiteElo "2012"]
[BlackElo "2076"]
[PlyCount "44"]
[EventDate "2005.01.??"]
[EventType "swiss"]
[EventRounds "7"]
[EventCountry "GRE"]
[SourceTitle "EXT 2006"]
[Source "ChessBase"]
[SourceDate "2005.11.24"]
[SourceVersion "1"]
[SourceVersionDate "2005.11.24"]
[SourceQuality "1"]

1. d4 Nf6 2. c4 g6 3. Nc3 Bg7 4. e4 d6 5. f3 0-0 6. Be3 c6 7. Qd2 a6 8. 0-0-0 b5 9. Bh6 Qa5 10. Kb1 b4 11. Nce2 c5 12. d5 Bh8 13. Bxf8 Kxf8 14. e5 Ne8 15. exd6 Bf5+ 16. Ka1 Nxd6 17. Nc1 Nd7 18. Nb3 Qa3 19. g4 Nb6 20. Nd4 Qa4 21. gxf5 Bxd4 22. Rc1 b3 0-1

[Event "GRE-chT"]
[Site "Aghia Pelagia"]
[Date "2004.07.07"]
[Round "5.7"]
[White "Fragakis, Efstratios"]
[Black "Kekatos, Nicolaos"]
[Result "1-0"]
[WhiteElo "2059"]
[BlackElo "2039"]
[PlyCount "43"]
[EventDate "2004.07.04"]
[EventType "team"]
[EventRounds "9"]
[EventCountry "GRE"]
[SourceTitle "CBM 101 Extra"]
[Source "ChessBase"]
[SourceDate "2004.09.01"]
[SourceVersion "2"]
[SourceVersionDate "2004.09.01"]
[SourceQuality "1"]
[WhiteTeam "09"]
[BlackTeam "14"]
[WhiteTeamCountry "GRE"]
[BlackTeamCountry "GRE"]

1. e4 c5 2. Nf3 d6 3. d4 cxd4 4. Nxd4 Nf6 5. Nc3 a6 6. Bg5 e6 7. f4 Nbd7 8. Qf3 Qc7 9. 0-0-0 Be7 10. Bd3 b5 11. Rhe1 Bb7 12. Qg3 b4 13. Nd5 exd5 14. exd5 g6 15. Qh4 0-0-0 16. Rxe7 Nxd5 17. Rxf7 Rde8 18. Rxh7 Rxh7 19. Qxh7 Qb6 20. Qxg6 Rf8 21. Bf5 Rxf5 22. Qe8+ 1-0

[Event "GRE-ch U16"]
[Site "Aghia Pelagia"]
[Date "2004.06.29"]
[Round "5"]
[White "Fragakis, Efstratios"]
[Black "Papadopoulos, Ioannis K"]
[Result "1/2-1/2"]
[WhiteElo "2063"]
[BlackElo "2226"]
[PlyCount "55"]
[EventDate "2004.06.26"]
[EventType "swiss"]
[EventRounds "9"]
[EventCountry "GRE"]
[SourceTitle "CBM 101 Extra"]
[Source "ChessBase"]
[SourceDate "2004.09.01"]
[SourceVersion "2"]
[SourceVersionDate "2004.09.01"]
[SourceQuality "1"]

1. e4 c5 2. c3 Nf6 3. e5 Nd5 4. d4 cxd4 5. cxd4 e6 6. Nf3 d6 7. a3 Bd7 8. Bd3 Bc6 9. 0-0 Be7 10. Re1 0-0 11. Nbd2 Nf4 12. Bb1 dxe5 13. dxe5 Nd3 14. Qc2 Bb5 15. Re3 Na6 16. Rxd3 Bxd3 17. Qxd3 Qxd3 18. Bxd3 Rfd8 19. Bxa6 bxa6 20. Kf1 Rac8 21. Ke2 Rd5 22. b4 a5 23. Bb2 Rc2 24. Bd4 axb4 25. axb4 Bxb4 26. Rxa7 Rxd2+ 27. Nxd2 Rxd4 28. Ra8+ 1/2-1/2

[Event "GRE mix 17th"]
[Site "Greece"]
[Date "2003.12.20"]
[Round "3"]
[White "Fragakis, Efstratios"]
[Black "Mouratidis, Grigoris"]
[Result "1/2-1/2"]
[WhiteElo "1990"]
[BlackElo "1655"]
[PlyCount "60"]
[EventDate "2003.12.??"]
[EventType "team"]
[EventRounds "5"]
[EventCountry "GRE"]
[SourceTitle "EXT 2005"]
[Source "ChessBase"]
[SourceDate "2004.11.15"]
[SourceVersion "1"]
[SourceVersionDate "2004.11.15"]
[SourceQuality "1"]

1. e4 c5 2. Nf3 Nc6 3. d4 cxd4 4. Nxd4 Qc7 5. Nc3 e6 6. g3 a6 7. Bg2 Nf6 8. 0-0 Bc5 9. Nb3 Ba7 10. Bg5 Ne5 11. Qe2 d6 12. Rad1 Bd7 13. Kh1 h5 14. f4 Nc4 15. e5 Ng4 16. exd6 Qc8 17. f5 0-0 18. Be7 Nce3 19. fxe6 Bxe6 20. h3 Nxf1 21. Qxf1 Ne3 22. Qf4 Bxh3 23. d7 Bxd7 24. Ne4 Nxg2 25. Nf6+ gxf6 26. Qxf6 Qc6 27. Rd6 Qb5 28. Bxf8 Kxf8 29. Qh8+ Ke7 30. Qf6+ Ke8 1/2-1/2

[Event "GRE-ch U14"]
[Site "Chania"]
[Date "2003.04.20"]
[Round "1"]
[White "Tsialas, Panagiotis"]
[Black "Fragakis, Efstratios"]
[Result "0-1"]
[WhiteElo "1435"]
[BlackElo "2010"]
[PlyCount "30"]
[EventDate "2003.04.??"]
[EventType "swiss"]
[EventRounds "7"]
[EventCountry "GRE"]
[SourceTitle "EXT 2005"]
[Source "ChessBase"]
[SourceDate "2004.11.15"]
[SourceVersion "1"]
[SourceVersionDate "2004.11.15"]
[SourceQuality "1"]

1. e4 c5 2. c3 Nf6 3. e5 Nd5 4. d4 cxd4 5. cxd4 d6 6. f4 Nc6 7. Bc4 dxe5 8. dxe5 e6 9. a3 Qb6 10. Qb3 Nd4 11. Qxb6 Nxb6 12. Kd2 Nxc4+ 13. Kc3 Na5 14. b4 Nab3 15. Ra2 Nxc1 0-1